IndyCar Series - Les constructeurs vainqueurs - Statistiques

Statistiques générales
  • Ce quiz a été pris 17 fois
  • Le résultat moyen est 18 sur 23
Statistiques - réponses
Année Nationalité Constructeur % Correct
2004 Japon Honda
100%
2005 Japon Honda
100%
2018 Japon Honda
100%
2019 Japon Honda
100%
2020 Japon Honda
100%
2021 Japon Honda
100%
2025 Japon Honda
100%
2002 États-Unis Chevrolet
93%
2012 États-Unis Chevrolet
93%
2013 États-Unis Chevrolet
93%
2014 États-Unis Chevrolet
93%
2015 États-Unis Chevrolet
93%
2016 États-Unis Chevrolet
93%
2017 États-Unis Chevrolet
93%
2022 États-Unis Chevrolet
93%
2023 États-Unis Chevrolet
93%
2024 États-Unis Chevrolet
93%
2003 Japon Toyota
80%
1997 États-Unis Oldsmobile
13%
1998 États-Unis Oldsmobile
13%
1999 États-Unis Oldsmobile
13%
2000 États-Unis Oldsmobile
13%
2001 États-Unis Oldsmobile
13%
Aucun quiz correspondant
Distribution des résultats
% des personnes avec chaque résultat
Percentile par nombre de réponses
Votre historique - résultats
Vous n’avez pas pris ce quiz